Cinco estudios alcaidianos (Record no. 44671)

MARC details
000 -LEADER
campo de control de longitud fija 00642nam a2200193 i 4500
001 - NÚMERO DE CONTROL
campo de control 44671
003 - IDENTIFICADOR DE NÚMERO DE CONTROL
campo de control ES-MaACL
005 - FECHA Y HORA DE LA ÚLTIMA TRANSACCIÓN
campo de control 20250927121451.0
007 - CAMPO FIJO DE DESCRIPCIÓN FÍSICA--INFORMACIÓN GENERAL
campo de control de longitud fija t|
008 - DATOS DE LONGITUD FIJA--INFORMACIÓN GENERAL
campo de control de longitud fija 030324s1983 sp ||||1| spa d
245 00 - MENCIÓN DEL TÍTULO
Título Cinco estudios alcaidianos
Resto del título : (de varios autores).
260 ## - PUBLICACIÓN, DISTRIBUCIÓN, ETC.
Lugar de publicación, distribución, etc. Valdepeñas :
Nombre del editor, distribuidor, etc. Ayuntamiento de Valdepeñas,
Fecha de publicación, distribución, etc. [1983]
300 ## - DESCRIPCIÓN FÍSICA
Extensión 147 p. ;
Dimensiones 20 cm.
490 1# - MENCIÓN DE SERIE
Mención de serie Coleccion "Juan Alcaide" ;
Designación de volumen o secuencia 3
600 17 - PUNTO DE ACCESO ADICIONAL DE MATERIA--NOMBRE DE PERSONA
Nombre de persona Alcaide Sánchez, Juan,
Fechas asociadas al nombre 1907-1951-
Subdivisión general Crítica e interpretación
Fuente del encabezamiento o término
9 (RLIN) 160948
830 0# - PUNTO DE ACCESO ADICIONAL DE SERIE-TÍTULO UNIFORME
Título uniforme Colección "Juan Alcaide"
Designación de volumen o secuencia 3
9 (RLIN) 182027
852 ## - LOCALIZACIÓN
Ubicación ES-MaACL
Número de control de estantería L-4578
Sublocalización o colección R.105194
Holdings
Estatus retirado Estado de pérdida Estado de daño No para préstamo Biblioteca de origen Biblioteca actual Ubicación en estantería Fecha de adquisición Fuente de adquisición Total de préstamos Signatura topográfica completa Código de barras Visto por última vez Precio de reemplazo Tipo de ítem Koha
        Biblioteca del Ateneo de Madrid Biblioteca del Ateneo de Madrid Depósito 2 17/01/2008     L-4578 1047014 23/02/2023 23/02/2023 Libro impreso